000 00501nam a22001697a 4500
003 OSt
005 20221109220934.0
008 221006b |||||||| |||| 00| 0 eng d
020 _a1 920805 01
040 _cBiblioteca Lado V
082 _a750
_bL673r
100 _9357
_aLewis, Meredith
_eeditor
245 _aRemembrance + the moving image/
260 _aAustralia
_c2003
_bAustralian Centre for the moving image
300 _c23x23cm
_a150p.
942 _2ddc
_c1
_h750
_iL673r
_n0
999 _c2553
_d2553